LEADER 00663nam2 22002171i 450 001 990002241170403321 035 $a000224117 035 $aFED01000224117 035 $a(Aleph)000224117FED01 035 $a000224117 100 $a20030801d--------km-y0itay50------ba 200 1 $aDetermination of higher-order structuresof nucleic acids$ephysical methods. Stuttgart, 1976, p. 71-76. 463 0$1001000222476 701 1$aTsuboi,$bMasamichi$092535 801 0$aIT$bUNINA$gRICA$2UNIMARC 901 $aBK 912 $a990002241170403321 959 $aFFABC 996 $aDetermination of higher-order structuresof nucleic acids$9397914 997 $aUNINA DB $aING01